| 000 | 00720nam a2200229 4500 | ||
|---|---|---|---|
| 003 | OSt | ||
| 005 | 20260530113853.0 | ||
| 008 | 260507b2008 |||||||| |||| 00| 0 eng d | ||
| 020 | _a9685852111 | ||
| 040 |
_a ICI _bspa _cICI _e rda |
||
| 050 |
_aTS171.4 _bG37 |
||
| 100 | 1 |
_aGarcía Parra, Brenda _931469 |
|
| 245 | 1 | 0 |
_aEcodiseño: _bnueva herramienta para la sustentabilidad / _cBrenda García Parra |
| 264 | 1 |
_a México : _bDesignio, _c2008 |
|
| 300 | _a82 páginas | ||
| 336 |
_atexto _2rdacontent |
||
| 337 |
_asin medio _2rdamedia |
||
| 338 |
_avolumen _2rdacarrier |
||
| 490 | _aDesignio. Temas | ||
| 650 |
_aDiseño industrial _xAspectos ambientales _xInnovaciones tecnológicas _931470 |
||
| 942 |
_2lcc _cBK _n1 |
||
| 999 |
_c11538 _d11538 |
||